India treaty manual, 1966, (Record no. 77576)

MARC details
000 -LEADER
fixed length control field 00947cam a22002411 4500
001 - CONTROL NUMBER
control field sa 68000953
003 - CONTROL NUMBER IDENTIFIER
control field DLC
005 - DATE AND TIME OF LATEST TRANSACTION
control field 20260227112428.0
008 - FIXED-LENGTH DATA ELEMENTS--GENERAL INFORMATION
fixed length control field 710903s1967 ii b 00010 eng
010 ## - LIBRARY OF CONGRESS CONTROL NUMBER
LC control number sa 68000953 //r95
025 ## - OVERSEAS ACQUISITION NUMBER
Overseas acquisition number PL480:I-E-9228
040 ## - CATALOGING SOURCE
Original cataloging agency DLC
Transcribing agency DLC
Modifying agency DLC
-- MoSU-L
043 ## - GEOGRAPHIC AREA CODE
Geographic area code a-ii---
050 00 - LIBRARY OF CONGRESS CALL NUMBER
Classification number JX916 1966
Item number .S3
082 00 - DEWEY DECIMAL CLASSIFICATION NUMBER
Classification number 016.3412/54
100 1# - MAIN ENTRY--PERSONAL NAME
Personal name Samuel, C. M.,
Relator term comp.
245 10 - TITLE STATEMENT
Title India treaty manual, 1966,
Remainder of title giving citations to the text of over 1000 treaties binding India in 1966; arranged chronologically with a numerical part giving their register numbers in the League and UN records.
Statement of responsibility, etc. Compiled from non-official sources by C. M. Samuel.
260 ## - PUBLICATION, DISTRIBUTION, ETC.
Place of publication, distribution, etc. [Kozhikode,
Name of publisher, distributor, etc. C.M. Samuel,
Date of publication, distribution, etc. 1967]
300 ## - PHYSICAL DESCRIPTION
Extent viii, 232 p.
Dimensions 22 cm.
350 ## - PRICE (NR) (BK AM CF MU VM SE) [OBSOLETE]
Price Rs35
-- $12
504 ## - BIBLIOGRAPHY, ETC. NOTE
Bibliography, etc. note Bibliographical references included in "guide to abbreviations": p. [v]
651 #0 - SUBJECT ADDED ENTRY--GEOGRAPHIC NAME
Geographic name India
General subdivision Foreign relations
-- Treaties
-- Bibliography.

No items available.

Powered by Koha